World Capitals Alliteration - Statistics

General Stats
  • This quiz has been taken 38 times
  • The average score is 22 of 29
Answer Stats
Answer % Correct
Brasilia
100%
Guatemala City
96%
Mexico City
96%
Panama City
96%
Algiers
93%
Georgetown
89%
San Marino
85%
Vatican City
85%
Andorra la Vella
81%
Brussels
81%
Stockholm
81%
Belmopan
78%
Djibouti
78%
Luxembourg
78%
Monaco
78%
Singapore
78%
Tunis
78%
Niamey
74%
Taipei
74%
Bridgetown
70%
Kuwait City
70%
Seoul
70%
Port Moresby
67%
Maputo
63%
Majuro
56%
Sri Jayewardenepura Kotte
56%
Bandar Seri Begawan
52%
Male
52%
Sao Tome
44%
No matching quizzes found
Score Distribution
Percent of People with Each Score
Percentile by Number Answered
Your Score History
You have not taken this quiz